Guía para la auditoría de sistemas automatizados de procesamiento de datos
Saved in:
| Format: | Bog |
|---|---|
| Sprog: | spansk |
| Udgivet: |
Ciudad de México
Herrero Hermanos
1968
|
| Fag: | |
| Tags: |
Tilføj Tag
Ingen Tags, Vær først til at tagge denne postø!
|
MARC
| LEADER | 00000nam a2200000 a 4500 | ||
|---|---|---|---|
| 001 | UCR9630 | ||
| 003 | CL-VaPUC | ||
| 008 | 980613e19681100MX |||||||||||||||||spa|d | ||
| 082 | 0 | 4 | |a 657.45 |b GUI |2 21 |
| 245 | 1 | 0 | |a Guía para la auditoría de sistemas automatizados de procesamiento de datos |
| 300 | |a 167 p | ||
| 942 | |c BK | ||
| 945 | |d 19980613 00:00:00 |a cmena | ||
| 260 | |a Ciudad de México |b Herrero Hermanos |c 1968 | ||
| 650 | 0 | |a Contabilidad |9 261430 | |
| 650 | 0 | |a Automatización |9 299909 | |
| 650 | 0 | |a Auditoría |9 307008 | |
| 650 | 0 | |a Aplicaciones de computadores |9 260401 | |
| 650 | 0 | |a Proceso de datos |9 259776 | |
| 650 | 0 | |a Análisis de la información |9 306986 | |
| 650 | 0 | |a Investigación operativa |9 259383 | |
| 583 | |a last modification |c 19980613 00:00:00 |k Rodrigo Vera | ||
| 999 | |c 270816 |d 270814 | ||
| 952 | |0 0 |1 0 |4 0 |6 657_450000000000000_GUI_1968 |7 0 |8 A |9 305222 |a BIBGIM |b BIBGIM |d 2019-11-20 |i 1419730 |l 1 |o 657.45 GUI 1968 |p 1419730 |r 2025-01-15 |s 2022-03-16 |w 2019-11-20 |y BK |k COM | ||
| 952 | |0 0 |1 0 |4 0 |6 657_450000000000000_GUI_1968 |7 0 |8 A |9 305223 |a BIBGIM |b BIBGIM |d 2019-11-20 |i 1434357 |o 657.45 GUI 1968 |p 1434357 |r 2025-01-15 |w 2019-11-20 |y BK |k COM | ||